Music Quiz

Random Music or Pop Music Quiz

X Factor Runner Ups (UK) Quiz Stats

 Plays Quiz not verified by Sporcle

Support Sporcle.
Go Orange.
Score 0/14 Timer 05:00
0 Plays Today
Hint Answer % Correct
Winner: Alexandra BurkeJLS
88.9%
Winner: Matt CardleRebecca Ferguson
83.3%
Winner: Little MixMarcus Collins
83.3%
Winner: Joe McElderryOlly Murs
72.2%
Winner: Leona LewisRay Quinn
66.7%
Winner: Ben HaenowFleur East
66.7%
Winner: Steve Brookstein G4
61.1%
Hint Answer % Correct
Winner: James ArthurJahmene Douglas
61.1%
Winner: Sam BaileyNicholas McDonald
55.6%
Winner: Louisa Johnson Reggie 'n' Bollie
55.6%
Winner: Shayne WardAndy Abraham
50%
Winner: Leon JacksonRhydian Roberts
50%
Winner: Matt TerrySaara Alto
44.4%
Winner: Rak Su Grace Davies
44.4%

You're not logged in!

Compare scores with friends on all Sporcle quizzes.
OR
Log In

From the Vault

Where's Waldo?

by aurrichio

We're a little concerned that in all his hiding Waldo never found the time to change his clothes.
Remove Ads.
Support Sporcle.
Get the best of Sporcle when you Go Orange. This ad-free experience offers more features, more stats, and more fun while also helping to support Sporcle. Thank you for becoming a member.

Show Comments

Extras

Top Quizzes Today


Score Distribution

Your Account Isn't Verified!

In order to create a playlist on Sporcle, you need to verify the email address you used during registration. Go to your Sporcle Settings to finish the process.

Report this User

Report this user for behavior that violates our Community Guidelines.

Details: